| 000 | 00615nam a2200205 i 4500 | ||
|---|---|---|---|
| 001 | 94523 | ||
| 003 | ES-MaACL | ||
| 005 | 20230906181511.0 | ||
| 007 | t| | ||
| 008 | 050506s1982 sp ||||1| spa d | ||
| 100 | 1 |
_aLorite Mena, José. _974230 |
|
| 245 | 1 | 3 |
_aEl animal paradójico _b: fundamentos de antropología filosófica / _cJosé Lorite Mena. |
| 260 |
_aMadrid : _bAlianza, _c1982. |
||
| 300 |
_a541 p. ; _c20 cm. |
||
| 490 | 1 | _aAlianza universidad | |
| 830 | 0 |
_aAlianza universidad _9177276 |
|
| 852 |
_aES-MaACL _jL-2877 _bR.103369 |
||
| 852 |
_aES-MaACL _jE-10564 _bR.134726 |
||
| 999 |
_c94523 _d94523 |
||